Kuasa minda positif : motivasi. inspirasi 15 minit sehari = motivation . inspiration 15 minutes a day

Bibliographic Details
Other Authors: Mohd Najib Iskandar
Format: Book
Published: Kuala Lumpur : Berlian Publications , 2003
Subjects:

MARC

LEADER 00000cam a2200000 7i4500
001 0000017213
005 20080513.0
008 080513
020 |a 9832179297 
090 0 0 |a 158.1   |b KUA 
245 1 0 |a Kuasa minda positif :   |b motivasi. inspirasi 15 minit sehari = motivation . inspiration 15 minutes a day   |c Penyusun Mohd Najib Iskandar 
260 |a Kuala Lumpur :   |b Berlian Publications ,   |c 2003 
650 0 |a Achievement motivation 
650 0 |a self - efficacy 
650 0 |a Success - quatations mazims , etc 
700 1 |a Mohd Najib Iskandar 
999 |a 0001017193   |b Book   |c Adult Collection   |e Perbadanan Perpustakaan Awam Johor 
999 |a 0001017194   |b Book   |c Adult Collection   |e Perbadanan Perpustakaan Awam Johor